| 000 | 00379 a2200121 4500 | ||
|---|---|---|---|
| 001 | ART_21178 | ||
| 005 | 20260410161902.0 | ||
| 008 | 260409a | ||
| 245 | 1 | 0 | _aThe introduction of an old-age pension in a growing economy |
| 100 | 1 | _aVan Praag, Bernard | |
| 700 | 1 | _aPoeth, Guy | |
| 773 | 0 |
_tJournal of public economics _g- Vol.4, NÂș 1 (feb. 1975) _wREV11485 |
|
| 999 |
_c26049 _d26049 |
||